[Event "23rd Czech Open A"]
[Site "Pardubice CZE"]
[Date "2012.07.27"]
[Round "8.51"]
[White "Linster,P"]
[Black "Obodchuk,A"]
[Result "1/2-1/2"]
[WhiteElo "2205"]
[BlackElo "2399"]

1.e4 c5 2.Nf3 e6 3.d4 cxd4 4.Nxd4 Nc6 5.Nc3 Qc7 6.Be3 a6 7.Bd3 Nf6 8.O-O b5
9.Nxc6 Qxc6 10.e5 Bb7 11.f3 Ng4 12.Be4 Nxe3 13.Bxc6 Nxd1 14.Bxb7 Ra7 15.Rfxd1 Rxb7
16.Ne4 Rc7 17.c3 Bc5+ 18.Nxc5 Rxc5 19.f4 g5 20.g3 gxf4 21.gxf4 Rc4 22.Rd4 Ke7
23.Rad1 Rxd4 24.Rxd4 Rf8 25.a4 bxa4 26.Rxa4 Rb8 27.b4 Rc8 28.Ra3 Rc4 29.Kg2 Rxf4
30.Rxa6 Re4 31.Ra5 Re2+ 32.Kg1 Rc2 33.Rc5 f6 34.exf6+ Kxf6 35.c4 e5 36.b5 Rb2
37.Rc8 Ke6 38.Re8+ Kd6 39.Rc8 h5 40.b6 h4 41.h3 Ke6 42.Re8+ Kf5 43.c5 Ke4
44.Re7 d6 45.cxd6 Rxb6 46.d7 Rd6 47.Kf2 Kf5  1/2-1/2

[Event "23rd Czech Open A"]
[Site "Pardubice CZE"]
[Date "2012.07.27"]
[Round "8.96"]
[White "Poleg,Matan"]
[Black "Wagener,Cl"]
[Result "1/2-1/2"]
[WhiteElo "2037"]
[BlackElo "2261"]

1.e4 c5 2.Nc3 Nc6 3.Nf3 e6 4.d4 cxd4 5.Nxd4 d6 6.Be3 Nf6 7.Qe2 a6 8.O-O-O Qc7
9.g4 Nxd4 10.Rxd4 b5 11.g5 Nd7 12.f4 Bb7 13.Rg1 Rc8 14.a3 Be7 15.f5 e5 16.Rd1 Nb6
17.f6 Bf8 18.Bh3 Rd8 19.fxg7 Bxg7 20.Bxb6 Qxb6 21.Nd5 Bxd5 22.exd5 b4 23.a4 Qa5
24.b3 Qc5 25.Rg3 a5 26.Rf3 h6 27.g6 f6 28.Be6 Ra8 29.Re3 Ra7 30.Re4 Rc7 31.Rc4 Qb6
32.Kb1 Ke7 33.Re1 Ra8 34.h4 Raa7 35.Bh3 Rxc4 36.Qxc4 Rc7 37.Qe2 Qd4 38.Qe4 Qxe4
39.Rxe4 Rc3 40.Bf5 Kd8  1/2-1/2

[Event "23rd Czech Open A"]
[Site "Pardubice CZE"]
[Date "2012.07.27"]
[Round "8.20"]
[White "Belyakov,B"]
[Black "Cvek,R"]
[Result "1/2-1/2"]
[WhiteElo "2375"]
[BlackElo "2549"]

1.e4 c5 2.Nf3 e6 3.d4 cxd4 4.Nxd4 Nc6 5.Nc3 Qc7 6.f4 a6 7.Nxc6 bxc6 8.Bd3 d5
9.O-O Nf6 10.Kh1 Be7 11.Be3 c5 12.e5 Nd7 13.Bf2 g6 14.Qe1 Bb7 15.Bh4 Bxh4
16.Qxh4 h5 17.b3 Qd8 18.Qh3 Qe7 19.Rae1 Kf8 20.Ne2 Kg7 21.Ng1 Nb6 22.Nf3 c4  1/2-1/2

[Event "27th Avoine Open"]
[Site "Avoine FRA"]
[Date "2012.07.28"]
[Round "8.32"]
[White "Salles,L"]
[Black "Julien,Jules-Alois"]
[Result "1/2-1/2"]
[WhiteElo "2147"]
[BlackElo "1827"]

1.e4 c5 2.Nf3 e6 3.d4 cxd4 4.Nxd4 Nc6 5.Nc3 Qc7 6.Be3 a6 7.Qd2 Nf6 8.O-O-O b5
9.Bf4 e5 10.Nxc6 exf4 11.e5 Ng4 12.Nd4 Bb7 13.Bxb5 Nxe5 14.Rhe1 O-O-O 15.Bf1 Bb4
16.Kb1 Ng4 17.Nf3 Rhe8 18.Rxe8 Rxe8 19.h3 Nf6 20.Qd4 Bxc3 21.bxc3 Re4 22.Qd2 Ra4
23.c4 Ne4 24.Qd4 Bc6 25.Nd2 Nxd2+ 26.Qxd2 Qb6+ 27.Ka1 Qc5 28.c3 g5  1/2-1/2

[Event "FIDE WGP Jermuk 2012"]
[Site "Jermuk ARM"]
[Date "2012.07.28"]
[Round "11"]
[White "Munguntuul,B"]
[Black "Danielian,E"]
[Result "1/2-1/2"]
[WhiteElo "2447"]
[BlackElo "2480"]

1.e4 c5 2.Nf3 e6 3.d4 cxd4 4.Nxd4 Nc6 5.Nc3 a6 6.Nxc6 bxc6 7.e5 Qc7 8.f4 d5
9.exd6 Bxd6 10.Ne4 Be7 11.Bd3 Nf6 12.O-O O-O 13.Qf3 Bb7 14.Be3 Nd5 15.Bc5 f5
16.Bxe7 Qxe7 17.Nd2 c5 18.Qe2 Nb4 19.Nc4 Nxd3 20.cxd3 Rad8 21.Rac1 Rd4 22.Rc3 Qd7
23.a3 Rb8 24.Rf2 Rd8 25.Ne5 Qd5 26.Qe3 h6 27.h3 a5 28.Rfc2 Rc8 29.Nf3 Kh7
30.Qd2 Ra4 31.d4 Qd8 32.dxc5 Bd5 33.Ne5 Qh4 34.Kh2 Qxf4+ 35.Qxf4 Rxf4 36.c6 Rc7
37.Rc5 a4 38.Nd3 Rd4 39.Nb4 Be4 40.Re2 g5 41.Rc3 Rd6 42.b3 axb3 43.Rxb3 Kg6
44.Rc3 h5 45.a4 h4 46.a5 Rd1 47.Na6 Rc8 48.c7 Kh5 49.Nc5 Bd5 50.Nxe6 g4 51.hxg4+ fxg4
52.Re5+ Kh6  1/2-1/2

[Event "23rd Czech Open A"]
[Site "Pardubice CZE"]
[Date "2012.07.28"]
[Round "9.55"]
[White "Tuma,Ji"]
[Black "Simantsev,M"]
[Result "0-1"]
[WhiteElo "2312"]
[BlackElo "2531"]

1.e4 c5 2.Nf3 e6 3.d4 cxd4 4.Nxd4 Nc6 5.Nc3 Qc7 6.g3 a6 7.Bg2 d6 8.O-O Bd7
9.Re1 Be7 10.Nxc6 Bxc6 11.Qg4 h5 12.Qe2 Nf6 13.h3 b5 14.Bg5 Rc8 15.Bxf6 Bxf6
16.Nd5 Bxd5 17.exd5 e5 18.a4 Qb6 19.axb5 axb5 20.h4 g6 21.Bf1 O-O 22.Qxb5 Qxb5
23.Bxb5 Rxc2 24.b3 Rb8 25.Bc4 Bd8 26.Re2 Rc3 27.Rea2 Bb6 28.Kg2 Kg7 29.Rd1 Bc5
30.Rdd2 e4 31.Rdc2 Rf3 32.Ra4 f5 33.Rb2 Rc3 34.Raa2 Kf6 35.Rc2 Rf3 36.Ra4 Ke5
37.Rb2 Rc3 38.Re2 Kf6 39.Ra6 g5 40.hxg5+ Kxg5 41.Rc6 h4 42.gxh4+ Kxh4 43.Rc7 Rg8+
44.Kf1 Kg4 45.Rh7 Kf4 46.Rh4+ Ke5 47.Rh5 Rc1+ 48.Re1 Rxe1+ 49.Kxe1 Rg2 50.Rh6 f4
51.Rh5+ Kf6 52.Rh6+ Kg5 53.Rh8 f3 54.Rg8+ Kf6 55.Rf8+ Ke5 56.Re8+ Kd4 57.Re6 Rg1+
58.Kd2 Bb4+  0-1

[Event "23rd Czech Open A"]
[Site "Pardubice CZE"]
[Date "2012.07.28"]
[Round "9.86"]
[White "Osmanodja,F"]
[Black "Havlikova,K"]
[Result "0-1"]
[WhiteElo "2199"]
[BlackElo "2297"]

1.e4 c5 2.Nf3 Nc6 3.d4 cxd4 4.Nxd4 e6 5.Nc3 Qc7 6.Be2 a6 7.O-O Nf6 8.Be3 d6
9.f4 Be7 10.Kh1 O-O 11.Qe1 Bd7 12.Qg3 Nxd4 13.Bxd4 Bc6 14.Rae1 b5 15.a3 Rad8
16.Bf3 g6 17.f5 e5 18.Be3 a5 19.Bg5 b4 20.axb4 axb4 21.Nd5 Nxd5 22.exd5 Bxg5
23.dxc6 Bf4 24.Qh4 d5 25.g3 e4 26.gxf4 exf3 27.Rxf3 Qxc6 28.Rg3 d4+ 29.Rg2 Rfe8
30.Rg1 Rd5 31.fxg6 fxg6 32.h3 Re2 33.Qg4 Rxg2 34.Rxg2 b3 35.cxb3 d3 36.Kh2 d2
37.Qd1 Qd6 38.Rf2 Rd3 39.Kg2 Qd5+ 40.Kf1 Qh1+ 41.Ke2 Qxh3 42.Qxd2 Rxd2+ 43.Kxd2 Qxb3
44.Ke1 h5 45.Kf1 Kg7 46.Kg2 Kf6 47.Kh2 Qe3 48.Kg2 Kf5 49.b4 Qb3 50.Rf3 Qxb4
51.Kg3 Qe1+ 52.Kg2 Kg4  0-1

[Event "23rd Czech Open A"]
[Site "Pardubice CZE"]
[Date "2012.07.28"]
[Round "9.69"]
[White "Suran,J"]
[Black "Sadikhov,U"]
[Result "1-0"]
[WhiteElo "2363"]
[BlackElo "2160"]

1.e4 c5 2.Nc3 Nc6 3.Nf3 e6 4.d4 cxd4 5.Nxd4 d6 6.g3 Nf6 7.Bg2 Bd7 8.O-O Be7
9.Ndb5 Qb8 10.Bg5 a6 11.Bxf6 gxf6 12.Nd4 Qa7 13.Nce2 Ne5 14.c3 b5 15.Nf4 Qc5
16.Qd2 Rc8 17.Rad1 Nc4 18.Qe2 Ne5 19.a3 O-O 20.Kh1 Kh8 21.Nd3 Nxd3 22.Rxd3 a5
23.b4 axb4 24.axb4 Qc4 25.f4 Ra8 26.e5 Ra2 27.Qe3 Rxg2 28.Kxg2 Bc6+ 29.Nxc6 Qxc6+
30.Qf3 Qxf3+ 31.Rfxf3 d5 32.exf6 Bxf6 33.f5 Kg7 34.Rfe3 Bxc3 35.fxe6 d4 36.e7 Re8
37.Re5 Bxb4 38.Rxd4 Bxe7 39.Rde4 Kf8 40.Rxb5 Rd8 41.Rh5 Bf6 42.Rxh7 Rd5 43.g4  1-0

[Event "Politiken Cup 2012"]
[Site "Helsingor DEN"]
[Date "2012.07.29"]
[Round "2.15"]
[White "Eriksson,K"]
[Black "Bulski,K"]
[Result "0-1"]
[WhiteElo "2082"]
[BlackElo "2554"]

1.e4 c5 2.Nf3 e6 3.Nc3 Nc6 4.d4 cxd4 5.Nxd4 Qc7 6.g3 a6 7.Bg2 d6 8.O-O Bd7
9.Re1 Be7 10.Nxc6 Bxc6 11.Qg4 h5 12.Qe2 h4 13.a4 hxg3 14.hxg3 Nf6 15.a5 Rh5
16.Bd2 g6 17.Na4 Nd7 18.b3 Bf6 19.Ra2 Kf8 20.c4 Kg7 21.Bb4 Rah8 22.Rd2 Nc5
23.Bxc5 dxc5 24.Qe3 Bd4 25.Rxd4 cxd4 26.Qxd4+ Qe5 27.Qe3 Qxa5 28.Nc3 Rd8
29.Bf3 Rh6 30.e5 Rdh8 31.Bxc6 bxc6 32.Kf1 Rh1+ 33.Ke2 Rxe1+ 34.Kxe1 Rb8  0-1

[Event "Politiken Cup 2012"]
[Site "Helsingor DEN"]
[Date "2012.07.29"]
[Round "2.101"]
[White "Hagen,T"]
[Black "Andersen,Dag"]
[Result "1/2-1/2"]
[WhiteElo "1641"]
[BlackElo "1907"]

1.e4 c5 2.Nc3 e6 3.Nf3 Nc6 4.d4 cxd4 5.Nxd4 Qc7 6.Be2 a6 7.O-O Nf6 8.Be3 b5
9.Nxc6 dxc6 10.Bd3 Be7 11.f4 Bb7 12.e5 Nd5 13.Nxd5 cxd5 14.Bd4 Bc5 15.c3 g6
16.Rc1 Rc8 17.Qe1 Qe7 18.Qf2 O-O 19.g4 Bxd4 20.cxd4 f5 21.g5  1/2-1/2

[Event "CECLUB 1st Div GpA 2012"]
[Site "Don Benito ESP"]
[Date "2012.07.30"]
[Round "1"]
[White "Cabrera Trujillo,J"]
[Black "Gonzalez Menendez,I"]
[Result "0-1"]
[WhiteElo "2364"]
[BlackElo "2411"]

1.e4 c5 2.Nf3 e6 3.d4 cxd4 4.Nxd4 Nc6 5.Nc3 Qc7 6.Be3 a6 7.Nf3 Ne5 8.Bd3 Bd6
9.O-O Nf6 10.h3 b5 11.Qe2 Bb7 12.Rae1 Nxf3+ 13.Qxf3 h5 14.Ne2 Ng4 15.Bf4 Ne5
16.Qg3 O-O-O 17.a4 bxa4 18.Ra1 a3 19.Rxa3 Bxa3 20.bxa3 f6 21.Qe3 d6 22.Rb1 Nxd3
23.cxd3 e5 24.Qa7 Qb8 25.Be3 Qxa7 26.Bxa7 Bc6 27.Nc3 Kd7 28.a4 Ra8 29.Bb6 a5
30.d4 exd4 31.Bxd4 Rab8 32.Rd1 Ke6 33.Be3 Rb4 34.Ne2 Bxe4 35.Nf4+ Kd7  0-1

[Event "CECLUB 1st Div GpA 2012"]
[Site "Don Benito ESP"]
[Date "2012.07.30"]
[Round "1"]
[White "Llaneza Vega,M"]
[Black "Korneev,O"]
[Result "0-1"]
[WhiteElo "2424"]
[BlackElo "2577"]

1.e4 c5 2.Nf3 e6 3.d4 cxd4 4.Nxd4 Nc6 5.Nc3 Qc7 6.Be3 a6 7.Qd2 Nf6 8.O-O-O Be7
9.f3 h5 10.Kb1 b5 11.Nxc6 dxc6 12.Qf2 e5 13.Be2 Be6 14.Bb6 Qb7 15.Bc5 O-O
16.Bd6 a5 17.Qc5 Nd7 18.Qe3 Bxd6 19.Rxd6 a4 20.f4 exf4 21.Qxf4 b4 22.Nd1 Nc5
23.Ne3 Bxa2+ 24.Kxa2 b3+ 25.Ka3 bxc2 26.Bc4 Rab8 27.Qe5 Qb4+ 28.Ka2 Qb3+
29.Bxb3 axb3+ 30.Ka3 Rb7  0-1

[Event "Politiken Cup 2012"]
[Site "Helsingor DEN"]
[Date "2012.07.30"]
[Round "4.48"]
[White "Pettersen,J"]
[Black "Petersen,PB"]
[Result "0-1"]
[WhiteElo "2007"]
[BlackElo "2155"]

1.e4 c5 2.Nf3 e6 3.d4 cxd4 4.Nxd4 Nc6 5.Nc3 a6 6.Nxc6 bxc6 7.Bd3 d5 8.O-O Nf6
9.Re1 Be7 10.e5 Nd7 11.Qg4 g6 12.Bh6 Rb8 13.Qh3 Rb4 14.g3 Nc5 15.Bg7 Rg8
16.Qxh7 Kd7 17.Rad1 Rxb2 18.Ne4 Nxe4 19.Rxe4 a5 20.Rf4 Qe8 21.c4 Bb7 22.cxd5 cxd5
23.Rc1 Bc6 24.a4 Bg5 25.Rxc6 Kxc6 26.Bb5+ Rxb5 27.axb5+ Kxb5 28.Rf3 d4 29.Qh3 Rxg7
30.Qf1+ Kc5 31.Qa6 Qb5 32.Qd6+ Kc4 33.Ra3 Bd2 34.Ra1 Rg8 35.Qc7+ Qc5 36.Qxf7 Rd8
37.Qxe6+ Rd5 38.Qa6+ Qb5 39.Qxg6 Rxe5 40.Qc2+ Bc3 41.Rd1 Qb4 42.Rb1 Qxb1+  0-1

[Event "Politiken Cup 2012"]
[Site "Helsingor DEN"]
[Date "2012.07.30"]
[Round "4.12"]
[White "Nilsen,Jo"]
[Black "Bulski,K"]
[Result "1/2-1/2"]
[WhiteElo "2215"]
[BlackElo "2554"]

1.e4 c5 2.Nf3 e6 3.d4 cxd4 4.Nxd4 Nc6 5.Nc3 Qc7 6.Be2 a6 7.O-O Nf6 8.Be3 Be7
9.Nxc6 bxc6 10.f4 d5 11.e5 Nd7 12.Na4 c5 13.c4 d4 14.Bc1 Bb7 15.Bf3 g6 16.Bd2 O-O
17.Bxb7 Qxb7 18.Qf3 Qxf3 19.Rxf3 f6 20.exf6 Rxf6 21.Rb3 Rb8 22.Rxb8+ Nxb8
23.Re1 Kf7 24.b3 Bd6 25.Re4 Ke7 26.Nb2 Nc6 27.Nd3 Rf8 28.Bc1 a5 29.Ba3 Nb4
30.Bxb4 axb4 31.g3 h6 32.Kg2 g5 33.Kf3 gxf4 34.gxf4 Rg8 35.f5 e5 36.Nxe5 Rg5
37.Ng4+ Kd7 38.Nf6+ Kc6 39.Re6 Rxf5+ 40.Ke4 Rg5 41.Kf3 Rf5+  1/2-1/2

[Event "17th Creon Open 2012"]
[Site "Creon FRA"]
[Date "2012.07.31"]
[Round "3.21"]
[White "Louis,T"]
[Black "Centomo,J"]
[Result "1-0"]
[WhiteElo "2151"]
[BlackElo "1778"]

1.e4 c5 2.Nc3 e6 3.Nf3 Nc6 4.d4 cxd4 5.Nxd4 Qc7 6.Be3 a6 7.Qd2 Nf6 8.O-O-O Bb4
9.f3 Qa5 10.Nb3 Bxc3 11.Qxc3 Qxc3 12.bxc3 O-O 13.c4 d5 14.exd5 exd5 15.cxd5 Ne7
16.Bc5 Nfxd5 17.c4 b6 18.Ba3 Bf5 19.Rxd5 Nxd5 20.Bxf8 Kxf8 21.cxd5 Rc8+ 22.Kd1 Rd8
23.g4 Rxd5+ 24.Kc1 Bc8 25.Bc4 Rd6 26.Kb2 Bb7 27.Kc3 b5 28.Be2 Rc6+ 29.Kd3 b4
30.Rc1 Rd6+ 31.Nd4 a5 32.Ke3 g5 33.Rc7 Bd5 34.Bc4 Bxc4 35.Rxc4 Rb6 36.Rc6 Rxc6
37.Nxc6 Ke8 38.Nxa5 Kd7 39.Kd4 Kd6 40.f4 h6 41.Nb7+ Kc6 42.Nc5 Kc7 43.Nd3  1-0

[Event "CECLUB 1st Div GpA 2012"]
[Site "Don Benito ESP"]
[Date "2012.07.31"]
[Round "2"]
[White "Meneses Gonzalez,K"]
[Black "Coll Ortega,J"]
[Result "0-1"]
[WhiteElo "2264"]
[BlackElo "2293"]

1.e4 c5 2.Nf3 e6 3.d4 cxd4 4.Nxd4 Nc6 5.Nc3 Qc7 6.Be2 a6 7.O-O Nf6 8.Be3 Bb4
9.Na4 Be7 10.c4 d6 11.Nc3 O-O 12.Rc1 Ne5 13.f4 Ned7 14.Bf3 Nb6 15.b3 e5 16.Nf5 Bxf5
17.exf5 Rfe8 18.Qd2 Nbd7 19.Kh1 Bf8 20.fxe5 dxe5 21.Nd5 Nxd5 22.Qxd5 e4 23.Be2 Nf6
24.Qd2 Rad8 25.Qc2 Bd6 26.g3 Bc5 27.Bf4 Qb6 28.Rfd1 Qc6 29.Rxd8 Rxd8 30.Rd1 e3+
31.Kg1 Rd2 32.Bf1  0-1

[Event "21st Kavala Open A"]
[Site "Kavala GRE"]
[Date "2012.07.31"]
[Round "8"]
[White "Marjanovic,Slavo"]
[Black "Mastrovasilis,D"]
[Result "1/2-1/2"]
[WhiteElo "2466"]
[BlackElo "2616"]

1.e4 c5 2.Nf3 e6 3.d4 cxd4 4.Nxd4 Nc6 5.Nc3 Qc7 6.Be2 a6 7.O-O Nf6 8.Be3 Bb4
9.Na4 O-O 10.Nxc6 bxc6 11.Bd3 Be7 12.c4 c5 13.f4 d6 14.Nc3 Rb8 15.b3 Nd7
16.Qf3 Re8 17.Qh3 Nf8 18.Rae1 Bd7 19.Kh1 Rbd8 20.Bb1 Qb7 21.Re2 d5 22.exd5 exd5
23.Qf3 Qc8 24.Nxd5 Bg4 25.Qf2 Bxe2 26.Qxe2 Bd6 27.Qh5 Ng6 28.Kg1 Bf8 29.Rf3 Rd6
30.Kf1 h6 31.Rg3 Ne7 32.Nc3 Qe6 33.Qxc5 Red8 34.Qh5 Qf6 35.Qe5 Qh4 36.f5 Rd1+
37.Kf2 Rxb1 38.Nxb1 Nc6 39.Qf4 Qf6 40.Nd2 Bd6 41.Qe4 Bxg3+ 42.hxg3 Nb4 43.a3 Nd3+
44.Kg1 Qd6 45.Kh2 Qxa3 46.f6 Qd6 47.fxg7 Kxg7 48.Nf3 Qg6 49.Qe7 Qf6 50.Bd4 Rxd4
51.Qxf6+ Kxf6 52.Nxd4 Ke5 53.Nc2 a5 54.Kh3 Ke4 55.Kh4 Ne5 56.b4 a4 57.Na3 Kd4
58.c5 Kc3 59.c6 Nxc6 60.b5 Na5 61.b6 Kb4 62.Nb1 Kc5 63.Kh5 Kxb6 64.Kxh6 Kc5
65.Kg7 f5 66.Kf6 Kb4 67.Kxf5 Kb3 68.g4 Kb2 69.g5 Kxb1 70.g6 Nc6 71.g7 a3
72.Ke6 Nd4+ 73.Ke5 a2 74.g8=Q a1=Q 75.Qh7+ Nc2+ 76.Kf4 Qd4+ 77.Qe4 Qf6+ 78.Kg4 Kb2
79.Qe2 Qg6+ 80.Kf4 Qf6+ 81.Kg4 Qd4+ 82.Kf5 Qd7+ 83.Kf6 Kc3 84.Qf3+ Kd2 85.g4 Qd6+
86.Kf7 Nd4 87.Qe4 Qd7+ 88.Kf6 Qd8+ 89.Qe7 Qb6+ 90.Kf7 Qh6 91.Qe4 Kc3 92.Qe5 Kc4
93.g5 Qh7+ 94.Qg7 Qe4 95.Qf6 Qd5+ 96.Kg7 Ne6+ 97.Kg6 Qe4+ 98.Kf7 Kd5 99.g6 Qg4
100.g7 Ng5+ 101.Qxg5+ Qxg5 102.g8=Q Qxg8+ 103.Kxg8  1/2-1/2

[Event "45th Biel Masters Open"]
[Site "Biel SUI"]
[Date "2012.08.01"]
[Round "9"]
[White "Harikrishna,P"]
[Black "Khairullin,I"]
[Result "1/2-1/2"]
[WhiteElo "2684"]
[BlackElo "2631"]

1.e4 c5 2.Nf3 e6 3.d4 cxd4 4.Nxd4 Nc6 5.Nc3 Qc7 6.Be2 Nf6 7.O-O Be7 8.Be3 O-O
9.Kh1 d6 10.f4 Nxd4 11.Bxd4 e5 12.Be3 b6 13.Bd3 Bb7 14.Qf3 a6 15.a4 exf4
16.Bxf4 Nd7 17.Qg3 Ne5 18.Rad1 Bf6 19.Be3 Nd7 20.Rxf6 Nxf6 21.Bd4 Ne8 22.Re1 Qd8
23.Nd5 Bxd5 24.exd5 g6 25.Qf2 Qd7 26.Bxb6 Qxa4 27.h3 Qd7 28.b4 f5 29.Bd4 Nf6
30.Re6 Nxd5 31.Bc4 Qxe6 32.Qf3 Rf7 33.Bxd5 Qe1+ 34.Kh2 Re8 35.Qb3 Re7 36.Qc4 f4
37.Bxf7+ Rxf7 38.Qc8+ Rf8 39.Qc4+ Rf7 40.Qc8+ Rf8 41.Qc4+ Rf7  1/2-1/2

[Event "CECLUB 1st Div GpA 2012"]
[Site "Don Benito ESP"]
[Date "2012.08.01"]
[Round "3"]
[White "Pena Gomez,M"]
[Black "Quesada Perez,Yu"]
[Result "1/2-1/2"]
[WhiteElo "2408"]
[BlackElo "2626"]

1.e4 c5 2.Nf3 e6 3.d4 cxd4 4.Nxd4 Nc6 5.Nc3 Qc7 6.Be2 a6 7.Be3 Nf6 8.O-O Be7
9.f4 d6 10.Kh1 O-O 11.a4 Re8 12.Bf3 Bf8 13.Qe1 e5 14.fxe5 dxe5 15.Qg3 Nxd4
16.Bxd4 Qa5 17.Be3 Be6 18.Be2 Kh8 19.Bd3 Be7 20.Bg5 Rac8 21.Rad1 Qb6 22.Qh4 Rxc3
23.bxc3 Ng8 24.Rb1 Qc7 25.Bxe7 Nxe7 26.Qf2 Nc8 27.Rb4 a5 28.Rbb1 h6 29.Qe3 Kg8
30.Bb5 Rf8 31.Rfd1 Nd6 32.Be2 Qc6 33.Kg1 Qxe4 34.Qxe4 Nxe4 35.Rxb7 Nxc3 36.Re1 Nxa4
37.Ra7 Rc8 38.Rxa5 Nc5 39.Rea1 Kh7 40.R1a3 Nd7 41.Ra8 Rc5 42.Bd3+ g6 43.R3a5 Rc3
44.R8a6 e4 45.Bxe4 Nc5 46.Rxe6 Nxe6 47.Ra7 Kg7 48.Bd5 Kf6  1/2-1/2

[Event "45th Biel Masters Open"]
[Site "Biel SUI"]
[Date "2012.08.02"]
[Round "10"]
[White "Bauer,Ch"]
[Black "Grachev,B"]
[Result "1/2-1/2"]
[WhiteElo "2681"]
[BlackElo "2674"]

1.e4 c5 2.Nf3 e6 3.d4 cxd4 4.Nxd4 Nc6 5.Nc3 Qc7 6.Be3 a6 7.Qd2 Nf6 8.O-O-O Be7
9.f3 O-O 10.g4 b5 11.g5 Nh5 12.Nce2 Rd8 13.Kb1 e5 14.Nf5 d5 15.Nxe7+ Nxe7
16.Ng3 Nf4 17.Bxf4 exf4 18.Nh5 Bg4 19.fxg4 dxe4 20.Qe1 Rxd1+ 21.Qxd1 Rd8
22.Qe1 Qd6 23.Be2 f3 24.Qc3 f6 25.Qb3+ Qd5 26.Bd1 Qxb3 27.axb3 f5 28.Ng3 g6
29.Kc1 f2 30.Be2 e3 31.Rd1 Rxd1+ 32.Kxd1 f4 33.Nf1 Nc6 34.c3 Ne5 35.b4 Kf7
36.b3 Ke6 37.c4 Kd6 38.cxb5 axb5 39.Bxb5 Nf3 40.Bd3 Nd4 41.Bc4 Kc6 42.h4 Kd6
43.h5 Kc6 44.Bd3 Kd5 45.b5 Kc5 46.b4+ Kd5 47.Be2 Kd6 48.Bd3 Kc7 49.Bc4 Kb6
50.Bd3 Kc7 51.Bc4 Kd6 52.Be2 Kc7  1/2-1/2

[Event "Politiken Cup 2012"]
[Site "Helsingor DEN"]
[Date "2012.08.02"]
[Round "7.61"]
[White "Eriksson,K"]
[Black "Molvig,Julius"]
[Result "1-0"]
[WhiteElo "2082"]
[BlackElo "1905"]

1.e4 c5 2.Nf3 e6 3.Nc3 Nc6 4.d4 cxd4 5.Nxd4 a6 6.a3 Nf6 7.Be2 Be7 8.O-O O-O
9.Be3 d6 10.f4 Qc7 11.Kh1 Nxd4 12.Bxd4 e5 13.Be3 exf4 14.Rxf4 Be6 15.Bd3 d5
16.exd5 Bd7 17.Qf3 b5 18.Rf1 Rfe8 19.Bd4 Bd6 20.Rxf6 gxf6 21.Qxf6  1-0

[Event "Politiken Cup 2012"]
[Site "Helsingor DEN"]
[Date "2012.08.02"]
[Round "7.7"]
[White "Blomqvist,E"]
[Black "Markus,Rob"]
[Result "0-1"]
[WhiteElo "2457"]
[BlackElo "2599"]

1.e4 c5 2.Nf3 Nc6 3.d4 cxd4 4.Nxd4 e6 5.Nc3 Qc7 6.Be3 a6 7.Qd2 Nf6 8.O-O-O Bb4
9.f3 Ne5 10.Nb3 b5 11.Kb1 Be7 12.Qf2 d6 13.g4 Nfd7 14.g5 Bb7 15.Rg1 Nc4 16.Bxc4 Qxc4
17.Na5 Qc7 18.Nxb7 Qxb7 19.h4 Rc8 20.Ne2 Ne5 21.h5 Nc4 22.Bc1 Qb6 23.Qg3 g6
24.b3 Ne5 25.Bb2 Rg8 26.f4 Nc6 27.Qh3 Qc5 28.Rg3 Kd7 29.Rc3 Qb6 30.e5 d5
31.Rxd5+ Kc7 32.Rd1 Kb8 33.Rd7 Rgd8 34.Rcd3 Rxd7 35.Rxd7 Qf2 36.Qd3 gxh5
37.a3 Rc7 38.Rxc7 Kxc7  0-1

[Event "10th EU U14 2012"]
[Site "Mureck AUT"]
[Date "2012.08.02"]
[Round "2.13"]
[White "Wu,Min"]
[Black "Saavalainen,Ellis"]
[Result "1/2-1/2"]
[WhiteElo "1831"]
[BlackElo "1611"]

1.e4 c5 2.Nf3 e6 3.d4 cxd4 4.Nxd4 Nc6 5.Nc3 Qc7 6.Be2 Nf6 7.Ndb5 Qb8 8.Bg5 a6
9.Bxf6 gxf6 10.Nd4 Bg7 11.O-O O-O 12.Nf3 b5 13.Bd3 Bb7 14.Ne2 Nb4 15.Ng3 Nxd3
16.Qxd3 d5 17.exd5 Bxd5 18.Nh5 Rd8 19.Qe3 Bxf3 20.Qxf3 Qe5 21.Nxg7 Kxg7 22.Qb3 Rd4
23.Rad1 Rg4 24.Qf3 Qe4 25.Qxe4 Rxe4 26.Rd2 Rc8 27.c3 Rc5 28.f3 Ree5 29.Kf2 Rcd5
30.Rfd1 Rxd2+ 31.Rxd2 f5 32.Rd4 Rc5 33.a4 Rc4 34.axb5 axb5 35.Ke3 e5 36.Rd5 b4
37.Kd3 bxc3 38.bxc3 Rh4 39.Rxe5 Rxh2 40.Re2 Rh6 41.c4 Rd6+ 42.Ke3 Kf6 43.f4 Ke6
44.Rd2 Rc6 45.Rc2 Kd6 46.Kd4 Ra6 47.c5+ Kc6 48.Ke5 Ra5 49.Kxf5 Rxc5+ 50.Rxc5+ Kxc5
51.Kf6 Kd5 52.g4 Ke4 53.Kg5 f6+ 54.Kxf6 Kxf4 55.g5 Kg4  1/2-1/2

[Event "38th Badalona Open A"]
[Site "Badalona ESP"]
[Date "2012.08.03"]
[Round "3.3"]
[White "Barrientos,S"]
[Black "Perpinya Rofes,L"]
[Result "1-0"]
[WhiteElo "2500"]
[BlackElo "2394"]

1.e4 c5 2.Nf3 Nc6 3.d4 cxd4 4.Nxd4 e6 5.Nc3 d6 6.f4 Nf6 7.Nf3 Be7 8.Bd3 O-O
9.O-O a6 10.Kh1 b5 11.a3 Bb7 12.Qe1 b4 13.axb4 Nxb4 14.Nd4 Nd7 15.Nb3 a5
16.Qe2 Nxd3 17.cxd3 Qb6 18.Nd2 Nc5 19.Nc4 Qc7 20.Nb5 Qd7 21.Nd4 Ba6 22.Rd1 Qc7
23.b3 a4 24.bxa4 Nxd3 25.Qxd3 Bxc4 26.Qg3 Qb7 27.e5 dxe5 28.fxe5 Rfd8 29.Bh6 Bf8
30.h3 Rd5 31.Nf3 Rxa4 32.Rxa4 Rxd1+ 33.Kh2 Bd3 34.Rd4 Bc2 35.Bd2 Qb6 36.Qh4 Bg6
37.Rd8 Rxd2 38.Nxd2 Qc7 39.Qd4 f6 40.Qd6 Qf7 41.Nf3 Be4 42.Nd4 Bd5 43.Ne2 fxe5
44.Qxe5 Qe7 45.Rc8 Qb7 46.Rc7 Qb4 47.Ng3 g6 48.Qf6 e5 49.Qxe5 Bf7 50.Rd7 Bg7
51.Rd8+ Bf8 52.Ne4  1-0

[Event "Politiken Cup 2012"]
[Site "Helsingor DEN"]
[Date "2012.08.03"]
[Round "8.115"]
[White "Svane,Frederik"]
[Black "Rasmussen,M1"]
[Result "1/2-1/2"]
[WhiteElo "1676"]
[BlackElo "1893"]

1.e4 c5 2.Nf3 e6 3.d4 cxd4 4.Nxd4 Nc6 5.Nc3 Qc7 6.Be3 a6 7.Be2 Nf6 8.O-O Bb4
9.f3 O-O 10.a3 Bxc3 11.bxc3 d5 12.Bg5 dxe4 13.Bxf6 gxf6 14.fxe4 Kg7 15.Bd3 Ne5
16.Qe1 Ng6 17.Qf2 Qe5 18.Ne2 Bd7 19.Ng3 Rac8 20.c4 Qc5 21.Rab1 Qxf2+ 22.Rxf2 Rc7
23.Nh5+ Kh6 24.Nxf6 Bc8 25.Ng4+ Kg7 26.Kf1 Rd8 27.Ke2 Rc5 28.Rbf1 Rd7 29.Nf6 Rd8
30.Ng4 Rd7 31.Nf6 Rd8 32.Ng4  1/2-1/2

[Event "10th EU U14 2012"]
[Site "Mureck AUT"]
[Date "2012.08.03"]
[Round "3.4"]
[White "Haavamae,Henrik"]
[Black "Whatley,Stephen A J"]
[Result "1/2-1/2"]
[WhiteElo "1950"]
[BlackElo "1641"]

1.e4 c5 2.Nf3 Nc6 3.d4 cxd4 4.Nxd4 e6 5.Nc3 Qc7 6.Be3 Nf6 7.Bd3 a6 8.O-O b5
9.a3 Bb7 10.Kh1 Be7 11.f4 b4 12.axb4 Nxb4 13.Qf3 h5 14.Qg3 Ng4 15.Bg1 O-O
16.Be2 f5 17.exf5 exf5 18.h3 h4 19.Qe1 Nh6 20.Bf3 Bf6 21.Ncb5 axb5 22.Qxb4 Bxf3
23.Nxf3 Rxa1  1/2-1/2

[Event "CEG vs Legends 2012"]
[Site "Geneve SUI"]
[Date "2012.08.04"]
[Round "1"]
[White "Vuilleumier,A"]
[Black "Spraggett,K"]
[Result "0-1"]
[WhiteElo "2332"]
[BlackElo "2595"]

1.e4 c5 2.Nf3 e6 3.d4 cxd4 4.Nxd4 Nc6 5.Nc3 Qc7 6.Be3 Nf6 7.Qd2 a6 8.O-O-O Bb4
9.f3 O-O 10.g4 b5 11.g5 Ne8 12.Nxc6 Qxc6 13.Bd4 d6 14.f4 Bb7 15.Bd3 Rc8 16.h4 Bc5
17.Ne2 Bxd4 18.Nxd4 Qb6 19.Qe3 e5 20.Nf5 Qxe3+ 21.Nxe3 exf4 22.Nf5 Rc7 23.Rhf1 f6
24.Rxf4 fxg5 25.hxg5 g6 26.Nh6+ Kg7 27.Rh4 Rc5 28.Rdh1 Rxg5 29.Nf5+ Kf6 30.Nd4 Ke5
31.Rxh7 Bxe4 32.Bxe4 Kxd4 33.Rd1+ Kxe4  0-1

[Event "Politiken Cup 2012"]
[Site "Helsingor DEN"]
[Date "2012.08.04"]
[Round "9.14"]
[White "Kramer,Julian"]
[Black "Rudolf,An"]
[Result "1/2-1/2"]
[WhiteElo "2048"]
[BlackElo "2325"]

1.e4 c5 2.Nf3 e6 3.d4 cxd4 4.Nxd4 Nc6 5.Nc3 a6 6.Nxc6 bxc6 7.Bd3 d5 8.O-O Qc7
9.Qe2 Bb7 10.Re1 Nf6 11.Bd2 Be7 12.b3 Nd7 13.Na4 O-O 14.e5 Rfe8 15.Bf4 c5
16.c4 d4 17.Be4 Bxe4 18.Qxe4 Nb6 19.Nb2 a5 20.Rad1 a4 21.Rd3 axb3 22.Rh3 g6
23.axb3 Nd7 24.Na4 Bf8 25.Bg5 Bg7 26.Qh4 Nf8 27.Bf6 Ra7 28.Qg5 Rb8 29.Rf3 Nd7
30.h4 h6 31.Qd2 Bxf6 32.exf6 Kh7 33.h5 Rg8 34.hxg6+ Rxg6 35.Re4 Nxf6 36.Rh4 Qc6
37.Rh2 Ng4 38.Rh4 Nf6 39.Qf4 Qc7 40.Qc1 Qe5 41.Nb2 Kg7 42.Rg3 h5 43.Nd3 Qd6
44.Rg5 Rxg5 45.Qxg5+ Kf8 46.Nf4 Ng4 47.g3 Ra1+ 48.Kg2 Qc6+ 49.f3 Ne3+ 50.Kh2 Nf1+
51.Kh3 Ne3 52.Kh2 Ng4+ 53.Kg2 Ra2+ 54.Kg1 Ra1+ 55.Kg2 Ne3+ 56.Kh2 Ng4+  1/2-1/2

[Event "17th Creon Open 2012"]
[Site "Creon FRA"]
[Date "2012.08.05"]
[Round "9.2"]
[White "Lagarde,Max"]
[Black "Navrotescu,C"]
[Result "1/2-1/2"]
[WhiteElo "2505"]
[BlackElo "2391"]

1.e4 c5 2.Nc3 Nc6 3.Nge2 e6 4.d4 cxd4 5.Nxd4 Qc7 6.Be3 a6 7.Bd3 b5 8.Nxc6 Qxc6
9.a3 Bb7 10.O-O Nf6 11.Re1 Be7 12.Qf3 h5 13.h3 Qc7 14.Bf4 d6 15.Rad1 Nd7
16.Bxb5 axb5 17.Nxb5 Qc4 18.Nxd6+ Bxd6 19.Bxd6 Nf6 20.Qd3 Qxd3 21.cxd3 Kd7
22.Be5 Rhc8 23.f3 Ne8 24.Bc3 f6 25.Kf2 Nd6 26.Bb4 Rc2+ 27.Re2 Rxe2+ 28.Kxe2 f5
29.Ke3  1/2-1/2

[Event "CECLUB Div1 Final Permanencia 2012"]
[Site "Don Benito ESP"]
[Date "2012.08.05"]
[Round "2.4"]
[White "Fernandez Romero,Ern"]
[Black "Coll Ortega,J"]
[Result "1-0"]
[WhiteElo "2474"]
[BlackElo "2293"]

1.e4 c5 2.Nf3 e6 3.d4 cxd4 4.Nxd4 Nc6 5.Nc3 Qc7 6.Be3 a6 7.Qf3 Nf6 8.O-O-O Bb4
9.Nxc6 bxc6 10.Bd4 Bd6 11.Na4 Be5 12.Bb6 Qb8 13.Bd3 O-O 14.b3 d6 15.Ba5 Nd7
16.Qe3 c5 17.f4 Bd4 18.Qe2 Bb7 19.e5 Bc6 20.c3 Bxa4 21.bxa4 Rc8 22.cxd4 cxd4+
23.Kd2 dxe5 24.Ke1 Rc5 25.Bd2 Nf6 26.Kf2 exf4 27.Rb1 Qc7 28.Rhc1 e5 29.Be4 Re8
30.g3 g6 31.Kg2 h5 32.Qd3 Kg7 33.gxf4 exf4 34.Bf3 Rxc1 35.Rxc1 Qe5 36.Re1 Qg5+
37.Kf1 Rd8 38.Qe2 Qh4 39.Qf2 Qh3+ 40.Kg1 g5 41.Re5 Kg6 42.Bg2 Qd3 43.h4 Ng4
44.Rxg5+ Kh6 45.Qxf4  1-0